[Event "Deltalift op"]
[Site "Tylosand"]
[Date "2012.05.19"]
[Round "7"]
[White "Mattsson, Michael"]
[Black "Sandstrom, Anders"]
[Result "1/2-1/2"]
[WhiteElo "2068"]
[BlackElo "1999"]
[PlyCount "94"]
[EventDate "2012.05.17"]
[EventType "swiss"]
[EventRounds "8"]
[EventCountry "SWE"]
[SourceTitle "CBM 148 Extra"]
[Source "ChessBase"]
[SourceDate "2012.06.22"]
[SourceVersion "1"]
[SourceVersionDate "2012.06.22"]
[SourceQuality "1"]

1. e4 c5 2. b3 d6 3. Bb2 Nd7 4. Nc3 Ngf6 5. a4 g6 6. f4 Bg7 7. Qf3 0-0 8. Bd3 a6 9. Nge2 Rb8 10. a5 b5 11. axb6 Nxb6 12. Bxa6 Bg4 13. Qd3 d5 14. e5 Bf5 15. exf6 Bxd3 16. fxg7 Re8 17. cxd3 e5 18. 0-0 f5 19. Bb5 Re7 20. Na4 Nxa4 21. bxa4 d4 22. Ba3 Kxg7 23. Bxc5 Rc7 24. Bb4 Qf6 25. Rac1 Rbc8 26. Rxc7+ Rxc7 27. Bc4 Rxc4 28. dxc4 d3 29. c5 dxe2 30. Re1 Qa6 31. Bc3 Qxa4 32. fxe5 Qc4 33. Kf2 Qxc5+ 34. Kxe2 Qc4+ 35. Kf2 Qh4+ 36. Kf1 Qxh2 37. e6+ Kf8 38. e7+ Ke8 39. Re2 Qh1+ 40. Kf2 Qh4+ 41. Kg1 f4 42. d4 Qg3 43. Bb2 f3 44. Rf2 fxg2 45. Rxg2 Qe1+ 46. Kh2 Qh4+ 47. Kg1 Qe1+ 1/2-1/2

[Event "Stockholm op"]
[Site "Stockholm"]
[Date "2011.08.21"]
[Round "9"]
[White "Wahlstedt, Mats"]
[Black "Mattsson, Michael"]
[Result "1-0"]
[WhiteElo "2043"]
[BlackElo "2081"]
[PlyCount "59"]
[EventDate "2011.06.01"]
[EventType "swiss"]
[EventRounds "7"]
[EventCountry "SWE"]
[SourceTitle "CBM 142 Extra"]
[Source "ChessBase"]
[SourceDate "2011.06.27"]
[SourceVersion "1"]
[SourceVersionDate "2011.06.27"]
[SourceQuality "1"]

1. e4 e5 2. Nf3 Nc6 3. Nc3 Nf6 4. Bb5 Nd4 5. Ba4 Bc5 6. d3 Qe7 7. Bg5 c6 8. Nxd4 Bxd4 9. Qf3 Bxc3+ 10. bxc3 d6 11. 0-0 h6 12. Bxf6 Qxf6 13. Qxf6 gxf6 14. f4 Ke7 15. Rf2 Be6 16. Bb3 a5 17. a4 b5 18. f5 bxa4 19. Bxa4 Bd7 20. c4 c5 21. c3 Rhb8 22. Rc2 h5 23. Kf2 h4 24. Kf3 Bxa4 25. Rxa4 Kd7 26. Kg4 Rh8 27. Rca2 h3 28. g3 Rab8 29. Rxa5 Rb3 30. Ra7+ 1-0

[Event "Stockholm op"]
[Site "Stockholm"]
[Date "2011.08.17"]
[Round "5"]
[White "Mattsson, Michael"]
[Black "Bostrom, Gabriel"]
[Result "1-0"]
[WhiteElo "2081"]
[BlackElo "2001"]
[PlyCount "73"]
[EventDate "2011.06.01"]
[EventType "swiss"]
[EventRounds "7"]
[EventCountry "SWE"]
[SourceTitle "CBM 142 Extra"]
[Source "ChessBase"]
[SourceDate "2011.06.27"]
[SourceVersion "1"]
[SourceVersionDate "2011.06.27"]
[SourceQuality "1"]

1. e4 c5 2. b3 a6 3. a4 d6 4. Bb2 Nf6 5. Nc3 e6 6. Nf3 Qc7 7. Bc4 Be7 8. 0-0 0-0 9. Re1 Nc6 10. d4 cxd4 11. Nxd4 Nd7 12. Bxe6 fxe6 13. Nxe6 Qa5 14. Nxf8 Bxf8 15. Qd5+ Qxd5 16. Nxd5 Ne7 17. Nc7 Rb8 18. Rad1 Ng6 19. Ne6 b5 20. axb5 Rxb5 21. Nxf8 Kxf8 22. Rxd6 a5 23. Red1 a4 24. Rxd7 Bxd7 25. Rxd7 axb3 26. cxb3 Rxb3 27. Bxg7+ Kg8 28. g3 h5 29. h4 Rb4 30. Bf6 Kf8 31. e5 Re4 32. Rg7 Nxe5 33. Bxe5 Rxe5 34. Rg5 Rxg5 35. hxg5 Kg7 36. f4 Kg6 37. g4 1-0

[Event "Stockholm op"]
[Site "Stockholm"]
[Date "2010.08.20"]
[Round "7"]
[White "Mattsson, Michael"]
[Black "Hammar, Ulf"]
[Result "0-1"]
[WhiteElo "2086"]
[BlackElo "2220"]
[PlyCount "98"]
[EventDate "2010.08.16"]
[EventType "swiss"]
[EventRounds "9"]
[EventCountry "SWE"]
[SourceTitle "CBM 137 Extra"]
[Source "ChessBase"]
[SourceDate "2010.09.01"]
[SourceVersion "1"]
[SourceVersionDate "2010.09.01"]
[SourceQuality "1"]

1. e4 e6 2. d4 d5 3. Nd2 c5 4. exd5 exd5 5. Bb5+ Bd7 6. Qe2+ Be7 7. Ngf3 Nf6 8. dxc5 0-0 9. 0-0 Bxc5 10. Bxd7 Nbxd7 11. Nb3 Re8 12. Qd3 Bb6 13. Bg5 Qc7 14. c3 Re4 15. Bxf6 Nxf6 16. Nbd4 Rae8 17. Nd2 R4e7 18. N2f3 Qf4 19. g3 Qe4 20. Rad1 g6 21. Kg2 Kg7 22. Qxe4 dxe4 23. Ne1 e3 24. fxe3 Rxe3 25. Nef3 Ng4 26. Kh3 h5 27. Rd2 R8e7 28. Kg2 R3e4 29. Kh1 Ne3 30. Re1 Nc4 31. Rxe4 Rxe4 32. Rf2 Ne5 33. Nxe5 Rxe5 34. Kg2 f5 35. Rd2 Kf6 36. Kf3 g5 37. b3 Re4 38. h3 Ke5 39. Ne2 Re3+ 40. Kg2 Ke4 41. g4 f4 42. Kh2 hxg4 43. hxg4 Rd3 44. Rc2 Ke3 45. Nd4 Bxd4 46. cxd4 Rxd4 47. Rc5 Rd2+ 48. Kh3 Kf2 49. Rxg5 Kg1 0-1